000 00332nam a22001337a 4500
008 170529b xxu||||| |||| 00| 0 eng d
020 _a0130546682
041 _aeng
080 _a624
100 _a26
101 _aIM
245 _aAUTOMATION, PRODUCTION SYSTEMS, AND COMPUTER-AIDED MANUFACTURING
_cGROOVER, M.P
942 _2udc
_cBK
999 _c14893
_d14893